00735nam a2200217 a 4500008004100000020003000041040001500071100002600086245006300112260003800175300006000213336002600273337002800299338002700327500002000354504004100374650005600415650002800471003000100499005001700500  a9780128130988 (paperback) aNUSTcNUST1 aElahi, Bijanaauthor.10aSafety risk management for medical devices/c Bijan Elahi. aLondon :bAcademic Press, c2018. axix, 404 pages :billustrations (some colour) ;c24 cm. atextbtxt2rdacontent aunmediatedbn2rdamedia avolumebnc2rdacarrier aIncludes index. aIncludes bibliographical references. 1aMedical instruments ans apparatusxSafety measures. aHealth risk assessment.20230123141224.0